Biblioteca

Historia del pensamiento / Coordinado por Concha Aguilera (Registro nro. 31599)

Detalles MARC
000 -LÍDER
Campo fijo de descripción fija 005810000a22001690004500
001 - NÚMERO DE CONTROL
Campo de control 43
020 ## - NÚMERO INTERNACIONAL NORMALIZADO PARA LIBROS
Número Internacional Normalizado del libro 87-7700-149-9
041 0# - CÓDIGO DE IDIOMA
Código de idioma para texto/pista de sonido o título separado
082 04 - NÚMERO DE CLASIFICACIÓN DECIMAL DEWEY
Número de clasificación R 109 A2837h8
245 10 - TÍTULO
Título del Material Historia del pensamiento / Coordinado por Concha Aguilera
250 ## - MENCIÓN DE EDICIÓN
Mención de edición 8
260 ## - PUBLICACIÓN, DISTRIBUCIÓN, ETC. (PIE DE IMPRENTA)
Lugar de publicación, distribución, etc. Madrid, España : Sarpe
300 ## - DESCRIPCIÓN FÍSICA
Extensión 398 Pag.
505 00 - NOTA DE CONTENIDO
Nota de contenido con formato preestablecido Vol. 1 Filosofía antigua: Comienzos de la patrística. Vol. 2 La escolástica. Vol. 3 Filosofía moderna. Vol. 4 La ilustración. Vol. 5 Filosofía del romanticismo. Vol. 6. Filosofía contemporánea.
650 14 - ASIENTO SECUNDARIO DE MATERIA - TERMINO TEMÁTICO
Término temático o nombre geográfico como elemento de entrada FILOSOFIA - HISTORIA
942 ## - TIPO DE MATERIAL (KOHA)
Tipo de Item KOHA Libros General
Existencias
Estado de Material Estado de Perdido Forma de Clasificación Estado de Dañado No para Préstamo Colección Tomo Biblioteca de Origen Biblioteca Permanente Fecha de Adquisición Total de Préstamos Signatura Topográfica Código de Barras Última vez visto Ejemplar/Existencia Fecha de Remplazo Tipo de Material
    Dewey Decimal Classification     Colección de Referencia   Biblioteca FUSBC Biblioteca FUSBC 23/08/2004   R 109 A2837h8 7745 12/12/2019 Vol. 1. ej, 1 26/01/2016 Libros de Referencia
    Dewey Decimal Classification     Colección de Referencia   Biblioteca FUSBC Biblioteca FUSBC 23/08/2004   R 109 A2837h8 7750 12/12/2019 Vol. 6. ej, 1 26/01/2016 Libros de Referencia
    Dewey Decimal Classification     Colección de Referencia   Biblioteca FUSBC Biblioteca FUSBC 23/08/2004   R 109 A2837h8 7749 12/12/2019 Vol. 5. ej,1 26/01/2016 Libros de Referencia
    Dewey Decimal Classification     Colección de Referencia   Biblioteca FUSBC Biblioteca FUSBC 23/08/2004   R 109 A2837h8 7748 12/12/2019 Vol. 4. ej, 1 26/01/2016 Libros de Referencia
    Dewey Decimal Classification     Colección de Referencia   Biblioteca FUSBC Biblioteca FUSBC 23/08/2004   R 109 A2837h8 7747 12/12/2019 Vol. 3. ej, 1 26/01/2016 Libros de Referencia
    Dewey Decimal Classification     Colección de Referencia   Biblioteca FUSBC Biblioteca FUSBC 23/08/2004   R 109 A2837h8 7746 12/12/2019 Vol. 2, ej, 1 26/01/2016 Libros de Referencia

Biblioteca FUSBC | Teléfono: (57+4) 349 88 10 Ext. 141| WhatsApp (+57) 3005338115 
E-mail: biblioteca@unisbc.edu.co | Calle 76 87-14 Robledo Palenque, Medellín, Colombia

Con tecnología Koha